[Event "San Sebastian op 30th"]
[Site "San Sebastian"]
[Date "2007.04.05"]
[Round "5"]
[White "Diez Viera, Oscar"]
[Black "Cremers, Michael"]
[Result "0-1"]
[WhiteElo "1798"]
[BlackElo "2106"]
[PlyCount "72"]
[EventDate "2007.04.01"]
[EventType "swiss"]
[EventRounds "9"]
[EventCountry "ESP"]
[SourceTitle "CBM 117 Extra"]
[Source "ChessBase"]
[SourceDate "2007.05.09"]
[SourceVersion "1"]
[SourceVersionDate "2007.05.09"]
[SourceQuality "1"]

1. e4 c5 2. Nf3 e6 3. d4 cxd4 4. Nxd4 a6 5. Be3 Nf6 6. f3 Qc7 7. Qd2 d5 8. Qc3 Qxc3+ 9. Nxc3 e5 10. Nxd5 Nxd5 11. exd5 exd4 12. Bxd4 Bf5 13. Kd2 f6 14. Re1+ Kf7 15. h4 h5 16. Bc4 Bd6 17. Bb3 Nd7 18. c4 Bb4+ 19. Bc3 Bxc3+ 20. Kxc3 Nc5 21. Bc2 Bxc2 22. Kxc2 Rhe8 23. b4 Nd7 24. f4 Rxe1 25. Rxe1 Re8 26. Rxe8 Kxe8 27. Kd3 Nb6 28. Kd4 Kd7 29. c5 Nc8 30. a4 b6 31. g3 bxc5+ 32. bxc5 Ne7 33. Ke4 g6 34. a5 Nf5 35. g4 hxg4 36. h5 Ng3+ 0-1

[Event "Berlin Lichtenberger Sommer 3th"]
[Site "Berlin"]
[Date "2004.08.23"]
[Round "9.39"]
[White "Cremers, Michael"]
[Black "Durth, Konrad"]
[Result "1-0"]
[WhiteElo "2055"]
[BlackElo "1746"]
[PlyCount "51"]
[EventDate "2004.08.14"]
[EventType "swiss"]
[EventRounds "9"]
[EventCountry "GER"]
[SourceTitle "EXT 2022"]
[Source "ChessBase"]
[SourceDate "2021.10.06"]
[SourceVersion "1"]
[SourceVersionDate "2021.10.06"]
[SourceQuality "1"]

1. Nf3 Nf6 2. g3 c5 3. Bg2 Nc6 4. d4 cxd4 5. Nxd4 e5 6. Nxc6 bxc6 7. 0-0 d5 8. c4 Be6 9. Qa4 Bd7 10. Nc3 d4 11. Ne4 Nxe4 12. Bxe4 Qc7 13. Qc2 g6 14. e3 Bg7 15. exd4 exd4 16. Bf4 Qc8 17. Bd6 f5 18. Rfe1 Kf7 19. Bg2 Re8 20. c5 Bf6 21. Qd2 Kg7 22. Rxe8 Qxe8 23. Re1 Qf7 24. Be5 Bxe5 25. Rxe5 Qc4 26. Re7+ 1-0

[Event "Berlin Lichtenberger Sommer 3th"]
[Site "Berlin"]
[Date "2004.08.16"]
[Round "3.61"]
[White "Cremers, Michael"]
[Black "Pfeiffer, Joerg"]
[Result "1-0"]
[WhiteElo "2055"]
[BlackElo "1637"]
[PlyCount "65"]
[EventDate "2004.08.14"]
[EventType "swiss"]
[EventRounds "9"]
[EventCountry "GER"]
[SourceTitle "EXT 2022"]
[Source "ChessBase"]
[SourceDate "2021.10.06"]
[SourceVersion "1"]
[SourceVersionDate "2021.10.06"]
[SourceQuality "1"]

1. Nf3 c5 2. g3 Nc6 3. d4 cxd4 4. Nxd4 d5 5. Bg2 Nf6 6. 0-0 e6 7. c4 Be7 8. Nc3 0-0 9. cxd5 exd5 10. Bf4 Nxd4 11. Qxd4 Be6 12. Rac1 Qd7 13. Rfd1 Rac8 14. Nxd5 Nxd5 15. Bxd5 Rxc1 16. Bxc1 Rd8 17. e4 Qc8 18. Be3 b6 19. Rc1 Qd7 20. Qe5 Bxd5 21. exd5 Qxd5 22. Qxd5 Rxd5 23. Rc7 Bf6 24. Rxa7 h6 25. Bxb6 Rb5 26. Be3 Rxb2 27. a4 Ra2 28. a5 Bc3 29. a6 Kh7 30. Ra8 Ra1+ 31. Kg2 f6 32. a7 Be5 33. Rc8 1-0

[Event "Berlin Kreuzberg op 5th"]
[Site "Berlin"]
[Date "2004.06.30"]
[Round "5"]
[White "Cremers, Michael"]
[Black "Suchin, Dimitry"]
[Result "1-0"]
[WhiteElo "2124"]
[BlackElo "2168"]
[PlyCount "99"]
[EventDate "2004.06.26"]
[EventType "swiss"]
[EventRounds "9"]
[EventCountry "GER"]
[SourceTitle "EXT 2022"]
[Source "ChessBase"]
[SourceDate "2021.10.06"]
[SourceVersion "1"]
[SourceVersionDate "2021.10.06"]
[SourceQuality "1"]

1. Nf3 Nf6 2. g3 d5 3. Bg2 c6 4. c4 e6 5. 0-0 dxc4 6. a4 Nbd7 7. Qc2 Be7 8. Na3 0-0 9. Nxc4 Nb6 10. a5 Nxc4 11. Qxc4 Qd5 12. b3 Ne4 13. Ne1 Qxc4 14. bxc4 Nc5 15. Rb1 Na6 16. Nc2 e5 17. d3 Re8 18. Bd2 Rb8 19. Nb4 Nxb4 20. Bxb4 c5 21. Bc3 Bd6 22. Rb2 Bc7 23. Rfb1 b6 24. axb6 Rxb6 25. Rxb6 Bxb6 26. Bd5 Be6 27. e4 f6 28. f3 Kf8 29. Kf2 Ke7 30. Ke3 Kd6 31. f4 Bxd5 32. exd5 exf4+ 33. Kxf4 Re2 34. Rb2 Rxb2 35. Bxb2 a5 36. Ba3 a4 37. d4 Ba7 38. Kf5 Bb6 39. h4 Ba7 40. h5 Bb6 41. g4 Ba5 42. dxc5+ Kd7 43. h6 gxh6 44. Kxf6 Bd2 45. Kg7 Bg5 46. Kxh7 Bd2 47. Kg6 Bg5 48. Kf7 Bd2 49. c6+ Kc7 50. c5 1-0

[Event "Berlin Kreuzberg op 5th"]
[Site "Berlin"]
[Date "2004.06.29"]
[Round "4"]
[White "Jugow, Alexander"]
[Black "Cremers, Michael"]
[Result "1/2-1/2"]
[WhiteElo "2246"]
[BlackElo "2124"]
[PlyCount "56"]
[EventDate "2004.06.26"]
[EventType "swiss"]
[EventRounds "9"]
[EventCountry "GER"]
[SourceTitle "EXT 2022"]
[Source "ChessBase"]
[SourceDate "2021.10.06"]
[SourceVersion "1"]
[SourceVersionDate "2021.10.06"]
[SourceQuality "1"]

1. d4 e6 2. e4 c5 3. d5 exd5 4. exd5 d6 5. Nc3 Nf6 6. Nf3 Be7 7. Bd3 0-0 8. h3 Na6 9. 0-0 Nc7 10. Bc4 a6 11. a4 b6 12. Re1 Re8 13. Bg5 Bb7 14. Qd3 h6 15. Bh4 Qd7 16. Rad1 Rab8 17. Nd2 Nfxd5 18. Nxd5 Nxd5 19. Bxd5 Bxh4 20. Rxe8+ Rxe8 21. Bxb7 Qxb7 22. Nc4 Rd8 23. Ne3 b5 24. Nf5 Bf6 25. axb5 Qxb5 26. Qxb5 axb5 27. Rxd6 Rxd6 28. Nxd6 Bxb2 1/2-1/2

[Event "Duisburg Grossenbaum op"]
[Site "Duisburg"]
[Date "2004.05.29"]
[Round "3"]
[White "Cremers, Michael"]
[Black "Zaragatski, Ilja"]
[Result "0-1"]
[WhiteElo "2124"]
[BlackElo "2303"]
[PlyCount "76"]
[EventDate "2004.05.28"]
[EventType "swiss"]
[EventRounds "7"]
[EventCountry "GER"]
[SourceTitle "EXT 2006"]
[Source "ChessBase"]
[SourceDate "2005.11.24"]
[SourceVersion "1"]
[SourceVersionDate "2005.11.24"]
[SourceQuality "1"]

1. Nf3 c5 2. g3 b6 3. c4 Bb7 4. Bg2 Nf6 5. Nc3 e6 6. 0-0 Be7 7. d4 cxd4 8. Qxd4 d6 9. Rd1 a6 10. Bg5 Nbd7 11. Qd2 0-0 12. Bf4 Ne8 13. Rac1 Ndf6 14. Ne1 Ra7 15. e4 Qb8 16. b3 Ba8 17. Qe2 Nd7 18. Rc2 Ne5 19. Bc1 Nf6 20. h3 Rc8 21. Bf4 Rac7 22. Rdc1 Bc6 23. Nd3 Nfd7 24. Nb4 Bb7 25. Nd3 Ba8 26. Ne1 Nc5 27. Rd1 Qb7 28. Bc1 Qb8 29. f4 Nc6 30. Be3 Na7 31. Bd4 b5 32. e5 Bxg2 33. Nxg2 Nb7 34. Qg4 g6 35. exd6 Nxd6 36. Be5 bxc4 37. Rxd6 Bxd6 38. Bxd6 Qb6+ 0-1

[Event "Bad Zwesten op 8th"]
[Site "Bad Zwesten"]
[Date "2004.01.05"]
[Round "6"]
[White "Cremers, Michael"]
[Black "Kreiling, Carsten"]
[Result "0-1"]
[WhiteElo "2090"]
[BlackElo "2205"]
[PlyCount "80"]
[EventDate "2004.01.??"]
[EventType "swiss"]
[EventRounds "9"]
[EventCountry "GER"]
[SourceTitle "CBM 098 Extra"]
[Source "ChessBase"]
[SourceDate "2004.03.10"]
[SourceVersion "2"]
[SourceVersionDate "2004.03.10"]
[SourceQuality "1"]

1. Nf3 c5 2. b3 Nf6 3. Bb2 e6 4. c4 Be7 5. e3 0-0 6. Qc2 Nc6 7. a3 b6 8. Ng5 h6 9. Bxf6 hxg5 10. Bxe7 Qxe7 11. h4 gxh4 12. g3 f5 13. Rxh4 Bb7 14. Nc3 Kf7 15. 0-0-0 Rh8 16. Nd5 Qd6 17. Rxh8 Rxh8 18. Nc3 Rh2 19. Nb5 Qe7 20. Qd3 Kg8 21. f4 Na5 22. Nxa7 Qf6 23. Qb1 Be4 24. Bd3 Bxd3 25. Qxd3 Qa1+ 26. Qb1 Nxb3+ 27. Kc2 Rxd2+ 28. Rxd2 Qxb1+ 29. Kxb1 Nxd2+ 30. Kc2 Nxc4 31. Kb3 d5 32. a4 Kf8 33. Nb5 Ke7 34. Nc3 Nxe3 35. a5 bxa5 36. Ka4 d4 37. Nb5 d3 38. Kxa5 d2 39. Nc3 d1Q 40. Nxd1 Nxd1 0-1

[Event "Bad Zwesten op 8th"]
[Site "Bad Zwesten"]
[Date "2004.01.04"]
[Round "4"]
[White "Cremers, Michael"]
[Black "Struk, Jerzy"]
[Result "1/2-1/2"]
[WhiteElo "2090"]
[BlackElo "2236"]
[PlyCount "41"]
[EventDate "2004.01.??"]
[EventType "swiss"]
[EventRounds "9"]
[EventCountry "GER"]
[SourceTitle "CBM 098 Extra"]
[Source "ChessBase"]
[SourceDate "2004.03.10"]
[SourceVersion "2"]
[SourceVersionDate "2004.03.10"]
[SourceQuality "1"]

1. Nf3 d5 2. g3 Bg4 3. Bg2 Nd7 4. d4 c6 5. 0-0 e6 6. Nbd2 Ngf6 7. Re1 Be7 8. e4 dxe4 9. Nxe4 0-0 10. c3 Qb6 11. Nxf6+ Bxf6 12. Qb3 Rfd8 13. Be3 h6 14. Nd2 Qxb3 15. axb3 Nb6 16. Ne4 Be7 17. Bc1 a6 18. h3 Bf5 19. b4 Bxe4 20. Bxe4 Rd7 21. h4 1/2-1/2

[Event "Bad Zwesten op 8th"]
[Site "Bad Zwesten"]
[Date "2004.01.03"]
[Round "3"]
[White "Luther, Thomas"]
[Black "Cremers, Michael"]
[Result "1-0"]
[WhiteElo "2580"]
[BlackElo "2090"]
[PlyCount "63"]
[EventDate "2004.01.??"]
[EventType "swiss"]
[EventRounds "9"]
[EventCountry "GER"]
[SourceTitle "CBM 098 Extra"]
[Source "ChessBase"]
[SourceDate "2004.03.10"]
[SourceVersion "2"]
[SourceVersionDate "2004.03.10"]
[SourceQuality "1"]

1. e4 e6 2. d4 d5 3. Nc3 Nf6 4. e5 Nfd7 5. f4 c5 6. Nf3 Nc6 7. Be3 Qb6 8. Na4 Qa5+ 9. c3 b6 10. Bd2 c4 11. b4 Nxb4 12. cxb4 Bxb4 13. Qc2 Bxd2+ 14. Nxd2 b5 15. Nc3 b4 16. Nd1 Qb6 17. Nf3 0-0 18. Be2 f6 19. exf6 Rxf6 20. g3 Nb8 21. Nf2 Nc6 22. Rd1 h5 23. 0-0 Ba6 24. Rfe1 Bb5 25. Ng5 g6 26. Bxh5 Nxd4 27. Rxd4 Qxd4 28. Bxg6 Bd7 29. Be8 Rxe8 30. Qh7+ Kf8 31. Qxd7 Re7 32. Qd8+ 1-0

[Event "Niederrhein-ch"]
[Site "Niederrhein"]
[Date "2003.04.13"]
[Round "3"]
[White "Vandenbergen, Nicolas"]
[Black "Cremers, Michael"]
[Result "0-1"]
[WhiteElo "1742"]
[BlackElo "2006"]
[PlyCount "54"]
[EventDate "2003.04.11"]
[EventType "swiss"]
[EventRounds "9"]
[EventCountry "GER"]
[SourceTitle "EXT 2006"]
[Source "ChessBase"]
[SourceDate "2005.11.24"]
[SourceVersion "1"]
[SourceVersionDate "2005.11.24"]
[SourceQuality "1"]

1. Nc3 d6 2. e4 g6 3. f4 Bg7 4. Nf3 a6 5. d3 c5 6. g3 Nc6 7. Bg2 e6 8. 0-0 Nge7 9. Ne2 0-0 10. c3 f5 11. Qb3 Kh8 12. Be3 Na5 13. Qc2 Qc7 14. Rac1 c4 15. Nd2 cxd3 16. Qxd3 Bd7 17. Nd4 e5 18. N4b3 fxe4 19. Bxe4 d5 20. Bxd5 Nxd5 21. Qxd5 Nxb3 22. Qxb3 exf4 23. Rxf4 Rxf4 24. Bxf4 Qc5+ 25. Kg2 Re8 26. Qd1 Bc6+ 27. Nf3 g5 0-1

[Event "Bad Zwesten op 7th"]
[Site "Bad Zwesten"]
[Date "2003.??.??"]
[Round "9"]
[White "Cremers, Michael"]
[Black "Matzat, Andre"]
[Result "1-0"]
[WhiteElo "2066"]
[BlackElo "2197"]
[PlyCount "53"]
[EventDate "2003.01.02"]
[EventType "swiss"]
[EventRounds "9"]
[EventCountry "GER"]
[SourceTitle "CBM 092 Extra"]
[Source "ChessBase"]
[SourceDate "2003.03.07"]
[SourceVersion "1"]
[SourceVersionDate "2003.03.07"]
[SourceQuality "1"]

1. Nf3 d5 2. g3 Nf6 3. Bg2 Bf5 4. c4 e6 5. cxd5 exd5 6. Nc3 c6 7. Qb3 Qc8 8. 0-0 Be7 9. d3 0-0 10. Bf4 Na6 11. Rac1 Nc5 12. Qc2 Bh3 13. Na4 Bxg2 14. Kxg2 Ne6 15. Bd2 d4 16. b4 Rd8 17. e4 dxe3 18. fxe3 Qd7 19. d4 Qd5 20. Nc3 Qh5 21. Ne4 Nd5 22. Rb1 Qg6 23. Ne5 Qh5 24. g4 Qh4 25. Rf3 Ng5 26. Nxg5 Qxg5 27. e4 1-0

[Event "Goch op 14th"]
[Site "Goch"]
[Date "2003.??.??"]
[Round "4"]
[White "Cremers, Michael"]
[Black "Pickett, John"]
[Result "1-0"]
[WhiteElo "2090"]
[BlackElo "1830"]
[PlyCount "87"]
[EventDate "2003.10.02"]
[EventType "swiss"]
[EventRounds "7"]
[EventCountry "GER"]
[SourceTitle "EXT 2006"]
[Source "ChessBase"]
[SourceDate "2005.11.24"]
[SourceVersion "1"]
[SourceVersionDate "2005.11.24"]
[SourceQuality "1"]

1. Nf3 g6 2. d4 d6 3. g3 Bg7 4. Bg2 c6 5. 0-0 Nf6 6. b3 Ne4 7. Bb2 Nd7 8. Nfd2 Nxd2 9. Qxd2 Qc7 10. e4 e6 11. Re1 0-0 12. c4 a5 13. Nc3 b6 14. d5 cxd5 15. exd5 e5 16. Nb5 Qb8 17. a3 Nc5 18. Qd1 a4 19. b4 Nb3 20. Rb1 Ba6 21. Be4 Rc8 22. Qe2 Bxb5 23. cxb5 Qc7 24. Bd3 h5 25. Qd1 Qd7 26. Re2 Rc7 27. Rc2 Rac8 28. Rc6 Bh6 29. Bc3 Bg7 30. Rxb3 axb3 31. Qxb3 h4 32. Bd2 Rb7 33. a4 Bf6 34. a5 Bd8 35. Qc3 Ra8 36. a6 Rba7 37. Be3 Rb8 38. f4 hxg3 39. hxg3 Qe7 40. Kg2 Kh7 41. f5 gxf5 42. Bxf5+ Kg8 43. Qc4 e4 44. Qe2 1-0

[Event "Goch op 14th"]
[Site "Goch"]
[Date "2003.??.??"]
[Round "3"]
[White "Rothkugel, Wolfgang"]
[Black "Cremers, Michael"]
[Result "1/2-1/2"]
[WhiteElo "1780"]
[BlackElo "2090"]
[PlyCount "81"]
[EventDate "2003.10.02"]
[EventType "swiss"]
[EventRounds "7"]
[EventCountry "GER"]
[SourceTitle "EXT 2006"]
[Source "ChessBase"]
[SourceDate "2005.11.24"]
[SourceVersion "1"]
[SourceVersionDate "2005.11.24"]
[SourceQuality "1"]

1. e4 e6 2. d4 d5 3. exd5 exd5 4. c3 Bd6 5. Bd3 Ne7 6. Qc2 c5 7. dxc5 Bxc5 8. Ne2 Nbc6 9. Bf4 Bg4 10. 0-0 Ng6 11. h3 Bc8 12. Bh2 0-0 13. Nd2 Qf6 14. Nb3 Bb6 15. Rad1 Nce5 16. Bxg6 fxg6 17. Ned4 Bd7 18. Rfe1 Rae8 19. Re2 Nf7 20. Rde1 Rxe2 21. Rxe2 g5 22. Qd3 g4 23. hxg4 Bxg4 24. f3 Bd7 25. Kf1 a6 26. Qd2 Qh4 27. Qf4 Qd8 28. Qd2 Ng5 29. Bf4 Ne4 30. fxe4 Qh4 31. g3 Qh1+ 32. Kf2 dxe4 33. Re1 Qh2+ 34. Ke3 Qh5 35. Qe2 Qd5 36. Kd2 Re8 37. Qe3 h6 38. g4 g5 39. Bg3 Bxg4 40. Kc2 Rf8 41. Nd2 1/2-1/2

[Event "Bad Zwesten op 7th"]
[Site "Bad Zwesten"]
[Date "2003.??.??"]
[Round "2"]
[White "Schuette, Marc"]
[Black "Cremers, Michael"]
[Result "1-0"]
[WhiteElo "2229"]
[BlackElo "2066"]
[PlyCount "79"]
[EventDate "2003.01.02"]
[EventType "swiss"]
[EventRounds "9"]
[EventCountry "GER"]
[SourceTitle "CBM 092 Extra"]
[Source "ChessBase"]
[SourceDate "2003.03.07"]
[SourceVersion "1"]
[SourceVersionDate "2003.03.07"]
[SourceQuality "1"]

1. e4 d6 2. d4 Nf6 3. Nc3 c6 4. a4 a5 5. Nf3 Bg4 6. h3 Bh5 7. Be3 Nbd7 8. Be2 Bxf3 9. Bxf3 e5 10. 0-0 Be7 11. g3 0-0 12. Bg2 Qc7 13. Qd2 Rfe8 14. f4 exd4 15. Bxd4 Rad8 16. Qf2 Nc5 17. Rfe1 Nfd7 18. Rad1 b6 19. Kh2 Bf8 20. Rd2 Ne6 21. Be3 Nec5 22. Bf3 Nb8 23. Qg2 Nba6 24. b3 Nb4 25. Ne2 d5 26. e5 f6 27. Bd4 fxe5 28. Bxe5 Bd6 29. Nd4 Bxe5 30. fxe5 g6 31. Rde2 Kg7 32. Re3 Re7 33. Qe2 Rde8 34. c3 Nba6 35. h4 Qc8 36. Bg4 Qb8 37. Nxc6 Qc7 38. Nxe7 Qxe7 39. e6 Ne4 40. Qxa6 1-0